Pošta v parku

Bibliographic Details
Main Author: Rojček, František, 1949-2024 (Author)
Other Authors: Cpin, Peter, 1947- (Illustrator)
Format: Article
Language:Slovak
Subjects:

MARC

LEADER 00000nab a2200000 a 4500
001 vtls008999097
003 SK-MaSNL
005 20260418034607.0
008 070614 2007 xo m 000 0 slo
015 |a SNBRB2007/06 
038 |a KEKMK 
040 |a KEKMK  |b slo  |c KEKMK  |e AACR2 
041 |a slo 
044 |a xo  |c SK 
080 |a 82-93  |2 2001 
100 1 |a Rojček, František,  |d 1949-2024  |4 aut  |9 122003 
245 1 0 |a Pošta v parku  |c František Rojček ; Peter Cpin 
650 0 7 |a literatúra pre deti a mládež  |2 kekmk  |9 21893 
700 1 |a Cpin, Peter,  |d 1947-  |4 ill.  |9 98398 
773 0 |t Slniečko  |g Roč. 61, č.10 jún(2007) ,s.10. 
852 |a KEKMK  |b KIS3G 
958 |a DB 
999 |c 1748613  |d 1750543